<?xml version="1.0" encoding="UTF-8"?>
<record
    xmlns:xsi="http://www.w3.org/2001/XMLSchema-instance"
    xsi:schemaLocation="http://www.loc.gov/MARC21/slim http://www.loc.gov/standards/marcxml/schema/MARC21slim.xsd"
    xmlns="http://www.loc.gov/MARC21/slim">

  <leader>02387cab a2200313Ia 45 0</leader>
  <controlfield tag="001">u188437</controlfield>
  <controlfield tag="003">SIRSI</controlfield>
  <controlfield tag="008">101228s2006    ua     ss b         eng d</controlfield>
  <datafield tag="040" ind1=" " ind2=" ">
    <subfield code="a">EAL</subfield>
  </datafield>
  <datafield tag="041" ind1=" " ind2=" ">
    <subfield code="a">eng</subfield>
    <subfield code="b">ara</subfield>
  </datafield>
  <datafield tag="090" ind1=" " ind2=" ">
    <subfield code="a">ART AASM V44 No3 26</subfield>
  </datafield>
  <datafield tag="100" ind1="1" ind2=" ">
    <subfield code="a">EI-Masry, T. A.</subfield>
  </datafield>
  <datafield tag="240" ind1="1" ind2="0">
    <subfield code="a">Annals of agricultural science, Moshtohor, 2006 v.44 (3)</subfield>
    <subfield code="h">[electronic resource].</subfield>
  </datafield>
  <datafield tag="245" ind1="1" ind2="0">
    <subfield code="a">Response of growth and productivity of leek (Allium porrum L.) to nitrogen and potassium fertilization</subfield>
    <subfield code="h">[electronic resource].</subfield>
  </datafield>
  <datafield tag="246" ind1="1" ind2="5">
    <subfield code="a">&#x627;&#x633;&#x62A;&#x62C;&#x627;&#x628;&#x629; &#x627;&#x644;&#x646;&#x645;&#x648; &#x648;&#x627;&#x644;&#x642;&#x62F;&#x631;&#x629; &#x627;&#x644;&#x625;&#x646;&#x62A;&#x627;&#x62C;&#x64A;&#x629; &#x644;&#x644;&#x643;&#x631;&#x627;&#x62A; &#x644;&#x644;&#x62A;&#x633;&#x645;&#x64A;&#x62F; &#x627;&#x644;&#x646;&#x62A;&#x631;&#x648;&#x62C;&#x64A;&#x646;&#x649; &#x648;&#x627;&#x644;&#x628;&#x648;&#x62A;&#x627;&#x633;&#x649;.&#x202A;</subfield>
  </datafield>
  <datafield tag="300" ind1=" " ind2=" ">
    <subfield code="a">p.1181-1206.</subfield>
  </datafield>
  <datafield tag="504" ind1=" " ind2=" ">
    <subfield code="a">Includes references.</subfield>
  </datafield>
  <datafield tag="520" ind1=" " ind2=" ">
    <subfield code="a">The effect of nitrogen and potassium fertilizer on leek was evaluated through two field experiments during the two the successive growing seasons of 200312004 and 2004/2005 at a private fann, Tamiya, Faypum Governorate, Egypt. To verify this objective, leek" cv. Cleopatra" was grown and treated with nitrogen fertilizer at rates of 100, 150,200 and 250 Kg N fed&#x207B;&#xB9; as soil application of ammonium nitrate (33.5%N) or urea (46%N). Potassium sulphate (48% K20) was used as the respective K source. Nitrogen treatments were applied in 4 equal applications; 25% of the quantity was spread on the rows before transplanting and the rest amount was added at 30, 50 and 70 days from transplanting. Treatments comprised 2 levels of K; 48 and 96 Kg K20 fed:1 at two equal doses; 50 and 70 days from transplanting. Data of growth characters; plant height, No. of leaves plant&#x207B;&#xB9; , fresh and dry weight of leaves planrl fresh and dry weight ofbulb plant&#x207B;&#xB9; and total fresh and dry weight planr&#x207B;&#xB9; were estimated. Also, total yield (ton fed&#x207B;&#xB9;), and some chemical constituents;leaf pigments; total chlorophyll and carotenoids, nitrogen, phosphorus, potassium, nitrite and nitrate concentration of leek were estimated.</subfield>
  </datafield>
  <datafield tag="546" ind1=" " ind2=" ">
    <subfield code="a">Summary in Arabic.</subfield>
  </datafield>
  <datafield tag="650" ind1=" " ind2="0">
    <subfield code="a">Leek</subfield>
    <subfield code="x">Growth.</subfield>
  </datafield>
  <datafield tag="650" ind1=" " ind2="0">
    <subfield code="a">Leek</subfield>
    <subfield code="x">Yields.</subfield>
  </datafield>
  <datafield tag="650" ind1=" " ind2="0">
    <subfield code="a">Leek</subfield>
    <subfield code="x">Fertilizers.</subfield>
  </datafield>
  <datafield tag="650" ind1=" " ind2="0">
    <subfield code="a">Potassium fertilizers.</subfield>
  </datafield>
  <datafield tag="650" ind1=" " ind2="0">
    <subfield code="a">Nitrogen fertilizers.</subfield>
  </datafield>
  <datafield tag="700" ind1="1" ind2=" ">
    <subfield code="a">Gadallah, F. M.</subfield>
  </datafield>
  <datafield tag="773" ind1="0" ind2=" ">
    <subfield code="t">Annals of Agricultural Science, Moshtohor.</subfield>
    <subfield code="g">2006.v.44(3)</subfield>
    <subfield code="x">1110-0419</subfield>
    <subfield code="7">nnas</subfield>
    <subfield code="w">u183870</subfield>
  </datafield>
  <datafield tag="856" ind1="4" ind2="0">
    <subfield code="u">http://nile.enal.sci.eg/EALE/2006/AASM/4406/3/1181.pdf</subfield>
    <subfield code="z">Full Text Article.</subfield>
  </datafield>
  <datafield tag="596" ind1=" " ind2=" ">
    <subfield code="a">1</subfield>
  </datafield>
  <datafield tag="942" ind1=" " ind2=" ">
    <subfield code="c">AR</subfield>
    <subfield code="2">lcc</subfield>
  </datafield>
  <datafield tag="999" ind1=" " ind2=" ">
    <subfield code="c">43304</subfield>
    <subfield code="d">43304</subfield>
  </datafield>
</record>
